YouTubers Quiz - Statistics

General Stats
  • This quiz has been taken 148 times
  • The average score is 6 of 16
Answer Stats
Picture Answer % Correct
MrBeast
93%
DanTDM
72%
CaseOh
67%
Dhar Mann
53%
Markiplier
52%
Unspeakable
52%
PrestonPlayz
48%
Stokes Twins
40%
Thinknoodles
37%
Penguinz0
32%
Tecnoblade
19%
Speed McQueen
17%
Topper Guild
17%
Noob1234
13%
Ryth
9%
RICHLEV
2%
No matching quizzes found
Score Distribution
Percent of People with Each Score
Percentile by Number Answered
Your Score History
You have not taken this quiz